01043 2200349 4500001002100000005001500021035002500036020002200061040001700083041000800100082001500108084001700123090002100140090002200161100004900183245007400232260003600306300002800342504003300370650003600403850001200439250005000451999002200501007000300523008004100526990002200567990002000589990002200609990002000631990002000651990002200671INLIS00000000003119020200611021447 a0010-091700000000558 a978-602-280-497-0 aYOPDYOGbind0 aind04223a297.14 a297.14 ABD w aDEP 297.14 ABD w aCB-D.11 2014-25300 aAbdurrahman Misno Bambang PrawiroePengarang1 aWasiat wajibah untuk anak angkat /cAbdurrahman Misno Bambang Prawiro3 aYogyakarta :bDeepublish,c2014 ax, 124 halaman ;c20 cm aBibliografi: halaman 119-124 4aWaris dan Pewaris (Hukum Islam) aYOPDYOG aEdisi pertamabCetakan pertama, Desember 2014 aCB-D.11/2014-2530ta170925s2014 yoi g 0 ind d aCB-D.11/2014-2530 a65718-PD/A.2020 aCB-D.11/2014-2530 a65718-PD/A.2020 a65718-PD/A.2020 aCB-D.11/2014-2530